Celebrity First Names: Which Is Correct? Quiz Stats

 Plays Quiz Updated Feb 7, 2018

Challenge
Share
Tweet
Embed
Score 0/24 Timer 03:00
0 Plays Today
Which Is Spelled Correctly? A, B, or C? % Correct
A) Khloé B) Chloé C) Kloé???
86.4%
A) Tori B) Torie C) Tory???
85.3%
A) Meryl B) Merryl C) Meryll???
77%
A) Bettie B) Betty C) Bette???
76.6%
A) Greta B) Gredda C) Gretta???
76.3%
A) Lauran B) Laurin C) Lauren???
74.5%
A) Barbra B) Barbara C) Barbera???
70.2%
A) Desi B) Dezi C) Dezy???
68.2%
A) Nicholas B) Nicolas C) Nickolas???
67.6%
A) Jane B) Jaine C) Jayne???
67.5%
A) Tye B) Taye C) Tay???
66.4%
A) Vivvien B) Vivien C) Vivian???
63.7%
Which Is Spelled Correctly? A, B, or C? % Correct
A) Erroll B) Errol C) Eroll???
60.4%
A) Shakka B) Chakka C) Chaka???
57%
A) Shannon B) Shanen C) Shannen???
56.6%
A) Rachel B) Rachael C) Rachell???
56%
A) Jami B) Jaimie C) Jaime???
55.9%
A) Bridget B) Brigitte C) Bridgitte???
52.2%
A) Syd B) Cyd C) Sid???
46.6%
A) Perri B) Peri C) Perry???
46.5%
A) Katherine B) Katharine C) Catherine???
43.3%
A) Courtney B) Courteney C) Courteny???
34.6%
A) Wynonna B) Wynnona C) Wynona???
32.8%
A) Chazz B) Chas C) Chaz???
26.8%

You're not logged in!

Compare scores with friends on all Sporcle quizzes.
Join for Free
OR
Log In

You Might Also Like...

Show Comments

Extras

Top Quizzes Today


Score Distribution

Your Account Isn't Verified!

In order to create a playlist on Sporcle, you need to verify the email address you used during registration. Go to your Sporcle Settings to finish the process.

Report this User

Report this user for behavior that violates our Community Guidelines.

Details: